| 000 | 01116nam a2200301 i 4500 | ||
|---|---|---|---|
| 001 | 000000048189 | ||
| 003 | IT-MiSPE | ||
| 005 | 20250226122524.0 | ||
| 008 | 031005s1971 xx 000 b ita c | ||
| 040 |
_aIT-MiSPE _bita _cIT-MiSPE |
||
| 041 |
_aita _hger |
||
| 082 | _a226.3-Mc SCH ed (ppv 23359) | ||
| 100 | 1 |
_aSchweizer, Eduard, _d1913-2006. _eautore _961700 |
|
| 240 | 1 | 0 | _aDas Evangelium nach Marcus |
| 245 | 1 | 3 |
_aIl Vangelo secondo Marco. _cCommento di Eduard Schweizer. Traduzione italiana di Bruno Corsani. |
| 250 | _aedizione italiana a cura di F. Ronchi e O. Soffritti | ||
| 260 |
_aBrescia : _bPaideia, _c1971. |
||
| 300 |
_a421 p. ; _c21,5 cm |
||
| 490 | 1 |
_aNuovo Testamento ; _v001 |
|
| 500 | _aTit. orig.: Das Evangelium nach Marcus | ||
| 630 |
_aBiblia. _vN.T. _xEvang. sec. Marcum _961701 |
||
| 655 | 0 | 7 |
_aSacra Scrittura. Studi sul Nuovo Testamento _xCollane - Varia. _2local _961702 |
| 655 | 0 | 7 |
_aSacra Scrittura. Studi sul Nuovo Testamento _xMarco. _2local |
| 700 |
_aCorsani, Bruno, _etr. _961703 |
||
| 830 | 0 |
_aNuovo Testamento ; _v001. _960839 |
|
| 942 |
_2ddc _cBK |
||
| 999 |
_c360403 _d360403 |
||